The Future Of Money : (Record no. 609680)

MARC details
000 -LEADER
fixed length control field 00445nam a2200181 a 4500
001 - CONTROL NUMBER
control field 1769935627508
003 - CONTROL NUMBER IDENTIFIER
control field YourLibrary
005 - DATE AND TIME OF LATEST TRANSACTION
control field 20260201143128.0
008 - FIXED-LENGTH DATA ELEMENTS--GENERAL INFORMATION
fixed length control field 260201s2007##################000#0#eng##
020 ## - INTERNATIONAL STANDARD BOOK NUMBER
International Standard Book Number 9788122419986
082 04 - DEWEY DECIMAL CLASSIFICATION NUMBER
Classification number 332
Item number COH
040 ## - CATALOGING SOURCE
Original cataloging agency YourLibrary
Language of cataloging eng
Transcribing agency YourLibrary
100 1# - MAIN ENTRY--PERSONAL NAME
Personal name Cohen, Benjamin J.,
Relator term author.
245 10 - TITLE STATEMENT
Title The Future Of Money :
260 ## - PUBLICATION, DISTRIBUTION, ETC.
Date of publication, distribution, etc. 2007.
300 ## - PHYSICAL DESCRIPTION
Extent 320 pages
942 ## - ADDED ENTRY ELEMENTS (KOHA)
Koha item type English Books
Holdings
Withdrawn status Lost status Damaged status Not for loan Home library Current library Shelving location Date acquired Total Checkouts Full call number Barcode Date last seen Price effective from Koha item type
        Anna Centenary Library Anna Centenary Library 4TH FLOOR, A WING 01.02.2026   332 COH 541067 01.02.2026 01.02.2026 English Books

Find us on the map